000 00364nam a22001577a 4500
003 OSt
005 20211005142542.0
008 211005b |||||||| |||| 00| 0 eng d
020 _a031151990
040 _aHU
_cDDC
082 _a340.03
245 _aBLACK'S LAW DICTIONARY
260 _aUSA
_bTHOMSON WEST
_c2004
300 _axxv,1809P,50CM
942 _2ddc
_cBOOKS
_n0
999 _c9541
_d9541